Ain’t Your Mama - Jennifer Lopez - All Lyrics - Statistics

General Stats
  • This quiz has been taken 76 times
  • The average score is 443 of 503
Answer Stats
Answer % Correct
do
100%
ain't
98%
go
98%
I
98%
(I
98%
you
98%
You
98%
your
98%
(Ah
97%
ah
97%
mama
97%
mama,
97%
mama)
97%
to
97%
hey!)
95%
laundry,
95%
(Na
95%
na
95%
na,
95%
na)
95%
(Oh,
95%
(Ah-yeah,
94%
yeah-yeah)
94%
all
92%
be
92%
No,
92%
no
92%
No
92%
no)
92%
no,
92%
(No)
92%
We
92%
we
92%
day,
90%
gon'
90%
I'm
89%
too
89%
get
87%
in
87%
When
87%
cooking
85%
love
85%
hey!
82%
(Hey)
82%
hey,
82%
hey)
82%
hey!)
82%
used
82%
back
81%
‘Cause
81%
'Cause
81%
('Cause
81%
crazy
81%
good
81%
that,
81%
that
81%
Can
79%
for
79%
it
79%
Just
79%
remember
77%
together?
77%
boy,
76%
comfortable?
76%
did
76%
how
74%
was?
73%
are
68%
games
63%
on
63%
video
63%
change
61%
and
60%
more
60%
playing
60%
Things
60%
things
60%
time
60%
up
60%
act
58%
work
58%
about
56%
have
53%
here,
53%
here)
53%
Wake
50%
shine
48%
('Round
47%
'round
47%
rise
45%
gotta
35%
my
35%
some
34%
this
32%
nerves
29%
Stop
29%
these
29%
getting
27%
Lucky
27%
curves
26%
still
21%
train?
19%
tryna
19%
ride
15%
Best
6%
No matching quizzes found
Score Distribution
Percent of People with Each Score
Percentile by Number Answered
Your Score History
You have not taken this quiz